Statistiques concernant Types de Pokémon

Cliquez ici pour prendre le quiz!

Statistiques générales

  • Ce quiz a été pris 44 247 fois
  • Le résultat moyen est 15 sur 18

Statistiques - réponses

PokémonType de quiz% Correct
KaiminusEau
99%
MagbyFeu
98%
PikachuÉlectrik
95%
HéliatroncPlante
90%
MachocCombat
86%
NymphaliFée
86%
ChenipotteInsecte
84%
MéiosPsy
84%
StalgaminGlace
83%
LougarocRoche
83%
GrotadmorvPoison
81%
NoctaliTénèbres
80%
RegisteelAcier
79%
PtiraviNormal
79%
BoréasVol
79%
GroudonSol
78%
ColimucusDragon
75%
MagirêveSpectre
73%

Distribution des résultats

Percentile par nombre de réponses

% des personnes avec chaque résultat

Votre développement - résultats

Vous n’avez pas pris ce quiz